Analysis of linear systems (Record no. 4150)

000 -LEADER
fixed length control field 00506nam a22001931 4500
001 - CONTROL NUMBER
control field 4150
003 - CONTROL NUMBER IDENTIFIER
control field BD-DhUET
008 - FIXED-LENGTH DATA ELEMENTS--GENERAL INFORMATION
fixed length control field 790416s1959 maua 000 0 eng
040 ## - CATALOGING SOURCE
Original cataloging agency DLC
Transcribing agency DLC
Modifying agency BD-DhUET
082 ## - DEWEY DECIMAL CLASSIFICATION NUMBER
Classification number 629.83
Item number CHE/1959
100 1# - MAIN ENTRY--PERSONAL NAME
Personal name Cheng, David K.
245 00 - TITLE STATEMENT
Title Analysis of linear systems
250 ## - EDITION STATEMENT
Edition statement 1st ed.
260 ## - PUBLICATION, DISTRIBUTION, ETC. (IMPRINT)
Place of publication, distribution, etc. London
Name of publisher, distributor, etc. Addison-Wesley Publishing
Date of publication, distribution, etc. 1959
300 ## - PHYSICAL DESCRIPTION
Extent 431 p.
490 0# - SERIES STATEMENT
Series statement Addison-Wesley series in electrical engineering
650 #0 - SUBJECT ADDED ENTRY--TOPICAL TERM
Topical term or geographic name as entry element Linear Systems
942 ## - ADDED ENTRY ELEMENTS (KOHA)
Koha item type General Book
Holdings
Damaged status Date acquired Koha date last seen Location (home branch) Piece designation (barcode) Price effective from Shelving location Withdrawn status Copy number Koha normalized classification for sorting Lost status Not for loan Koha full call number Sublocation or collection (holding branch) Source of classification or shelving scheme Koha item type
 2014-11-132014-11-13Central Library, BUET783682014-11-13Circulation section 1629_000000000000000_83CHE1959  629.83/CHE/1959Central Library, BUET General Book
 2014-11-132014-11-13Central Library, BUET783702014-11-13Circulation section 2629_000000000000000_83CHE1959  629.83/CHE/1959Central Library, BUET General Book
 2014-11-132014-11-13Central Library, BUET783692014-11-13Circulation section 3629_000000000000000_83CHE1959  629.83/CHE/1959Central Library, BUET General Book
 2014-11-172014-11-17Central Library, BUET83302014-11-17Circulation section 4629_000000000000000_83CHE1959  629.83/CHE/1959Central Library, BUET General Book
 2014-11-172014-11-17Central Library, BUET249012014-11-17Circulation section 5629_000000000000000_83CHE1959  629.83/CHE/1959Central Library, BUET General Book
 2014-11-182017-08-28Central Library, BUET126822014-11-18Circulation section 6629_000000000000000_83CHE1959  629.83/CHE/1959Central Library, BUET General Book
 2015-06-202015-06-20Central Library, BUET248992015-06-20Reading section 7629_830000000000000_CHE_1959  629.83/CHE/1959Central Library, BUET Reading Item
 2015-06-302019-09-07Central Library, BUET126902015-06-30Reading section 8629_830000000000000_CHE_1959  629.83/CHE/1959Central Library, BUET Reading Item
 2015-06-302015-06-30Central Library, BUET83272015-06-30Reading section 9629_830000000000000_CHE_1959  629.83/CHE/1959Central Library, BUET Reading Item
 2015-06-302015-06-30Central Library, BUET83312015-06-30Reading section 10629_830000000000000_CHE_1959  629.83/CHE/1959Central Library, BUET Reading Item
 2015-07-042015-07-04Central Library, BUET83282015-07-04Reading section 11629_830000000000000_CHE_1959  629.83/CHE/1959Central Library, BUET Reading Item
 1973-10-042018-05-12Central Library, BUET320582018-05-12Circulation section 12629_830000000000000_CHE_1959  629.83/CHE/1959Central Library, BUET General Book